[Event "V Copa Marcel Duchamp 2022"]
[Site "Montevideo"]
[Date "2022.02.15"]
[Round "5.18"]
[White "Palacio, Enzo"]
[Black "Ricardi, Pablo"]
[Result "0-1"]
[WhiteElo "1896"]
[BlackElo "2464"]
[Annotator "TA"]
[PlyCount "100"]
[EventDate "2022.02.12"]
[EventCountry "URU"]
[SourceTitle "playchess.com"]
[Source "ChessBase"]
[SourceQuality "1"]

{[%evp 20,100,73,71,75,71,66,14,65,40,40,-15,29,0,0,-25,-13,-49,-16,-16,-24,-13,-27,-31,-37,-98,-114,-116,-109,-148,-153,-151,-160,-165,-127,-137,-135,-185,-205,-281,-270,-505,-502,-475,-286,-265,-187,-458,-446,-455,-454,-451,-443,-443,-426,-520,-513,-504,-500,-650,-651,-854,-878,-790,-866,-1080,-1068,-1466,-1475,-2007,-1987,-5189,-2766,-29978,-29979,-29983,-29984,-29984,-29985,-29985,-29986,-29985,-29986]} 1. e4 c5 2. Nf3 d6 3. d4 cxd4 4. Nxd4 Nf6 5. Nc3 a6 6. Be3 e6 7. f3 Be7 8. Qd2 b5 9. g4 Bb7 10. O-O-O Nc6 11. h4 Nd7 {B80: Sicilian Scheveningen: 6 g3 and 6 Be3, including English Attack.} 12. Nxc6 Bxc6 13. Ne2 (13. g5 $14) 13... Rc8 (13... Bb7 $11) 14. Nd4 $1 $14 Bb7 15. Be2 (15. g5 $14) 15... Ne5 (15... d5 $142) 16. g5 d5 17. exd5 (17. Bf4 {is more complex.} Ng6 18. e5 Qc7 19. Kb1 Bc5 20. c3) 17... Qxd5 {[#]} (17... Bxd5 {is interesting.} 18. Kb1 Qc7 19. Bf4 O-O 20. h5 Bd6) 18. Nb3 $146 ({Predecessor:} 18. Kb1 Nc4 19. Bxc4 Rxc4 20. Rhf1 O-O 21. Qe2 Rfc8 22. Rd2 Bb4 23. c3 Bf8 24. Nb3 {0-1 (43) Milanko,N (2080)-Cvetkovic,S (2409) Belgrade 2003}) 18... Qxd2+ (18... O-O {looks sharper.} 19. Kb1 Nc4 20. Qxd5 Bxd5 21. Bc1 Rfd8) 19. Nxd2 Bc5 20. Bxc5 (20. Bf4 {keeps more tension.} Ng6 21. Bg3 Be3 22. Kb1 Bf4 23. Bf2) 20... Rxc5 21. Nb3 Rc7 22. Rh3 {[#]} (22. Nd4 $15) 22... Ng6 $1 $17 {Strongly threatening ...Nf4.} 23. Bf1 h6 24. Nd4 Ke7 25. Re1 Rc5 26. Nb3 Rcc8 ({Worse is} 26... Re5 27. Rxe5 Nxe5 28. f4 $17) 27. Nd4 Kf8 28. Re3 (28. Rg3 $17) 28... Nf4 $19 29. Rg3 {[%cal Og5g6]} hxg5 30. hxg5 (30. Rxg5 Rxh4 31. Rg1) 30... Rh1 31. Re1 e5 32. Nf5 Rd8 {[%cal Of4e2] [#] aiming for ...Ne2+!} 33. Kb1 $2 (33. Rg4) 33... Rd2 34. Rc1 Rf2 {[%csl LRf1,LRf3]} 35. Bd3 Rxc1+ 36. Kxc1 Bxf3 37. b3 e4 38. Nd4 Bg2 39. Bxb5 axb5 40. Rc3 Ne2+ 41. Nxe2 Rxe2 {[%mdl 4096] Endgame KRB-KR} 42. Rc8+ Ke7 43. g6 fxg6 44. a4 bxa4 45. bxa4 e3 {[%cal Be4e3,Be3e2][%mdl 32] ( -> ...Re1+)} 46. Rc7+ Kf6 {Black mates.} 47. Kd1 Rd2+ 48. Kc1 Rd8 49. Rc3 e2 50. Re3 Rd1+ {Weighted Error Value: White=0.90/Black=0.13 (very precise)} 0-1

[Event "V Copa Marcel Duchamp 2022"]
[Site "Montevideo"]
[Date "2022.02.15"]
[Round "5.19"]
[White "Labollita, Martin"]
[Black "Migens Romero, Juan"]
[Result "1-0"]
[WhiteElo "2388"]
[BlackElo "2097"]
[Annotator "TA"]
[PlyCount "25"]
[EventDate "2022.02.12"]
[EventCountry "URU"]
[SourceTitle "playchess.com"]
[Source "ChessBase"]
[SourceQuality "1"]

{[%evp 12,25,16,13,17,7,2,0,0,0,173,179,193,198,388,398]} 1. e4 e6 2. Qe2 c5 3. g3 Nc6 4. Nf3 d6 5. Bg2 Be7 6. O-O Nf6 7. c3 O-O {C00: French: Unusual White 2nd moves.} 8. d3 Re8 {[#]} 9. a3 $146 ({Predecessor:} 9. Nbd2 Bd7 10. a4 a6 11. e5 dxe5 12. Nxe5 Nxe5 13. Qxe5 Bc6 14. Qe2 Rb8 15. Rd1 b5 16. axb5 axb5 {1-0 (25) Catapano,F (1772)-Hosseni,R (1440) Cutro 2009}) 9... b5 10. e5 Nd7 {[#]} (10... dxe5 $11 {and Black stays safe.} 11. Nxe5 Nxe5 $1) 11. exd6 $1 $18 Bxd6 12. Ng5 ({Worse is} 12. Qe4 Bb7 $11) 12... Qc7 (12... Bb7 {keeps fighting.}) 13. Qe4 {[%csl LRc6,LRh7] Black did not feel at home in the position after the opening.  Weighted Error Value: White=0.01 (flawless) /Black=0.85} ({Don't take} 13. Qh5 Nf6 14. Qxf7+ Qxf7 $18) 1-0

[Event "V Copa Marcel Duchamp 2022"]
[Site "Montevideo"]
[Date "2022.02.15"]
[Round "5.20"]
[White "Nejanky, Maisa"]
[Black "Curi, Gabriel"]
[Result "0-1"]
[WhiteElo "1948"]
[BlackElo "2205"]
[Annotator "ChessBase"]
[PlyCount "48"]
[EventDate "2022.02.12"]
[EventCountry "URU"]
[SourceTitle "playchess.com"]
[Source "ChessBase"]
[SourceQuality "1"]
[TimeControl "5400+30"]

1. e4 {[%emt 0:04:39]} c5 {[%emt 0:00:04]} 2. Nf3 {[%emt 0:00:15]} d6 {[%emt 0:00:06]} 3. d4 {[%emt 0:00:05]} cxd4 {[%emt 0:00:05]} 4. Nxd4 {[%emt 0:00:07]} Nf6 {[%emt 0:00:04]} 5. Nc3 {[%emt 0:00:05]} g6 {[%emt 0:00:05]} 6. Be3 {[%emt 0:02:54]} Bg7 {[%emt 0:00:07]} 7. f3 {[%emt 0:01:05]} O-O {[%emt 0:00:17]} 8. Qd2 {[%emt 0:00:05]} Nc6 {[%emt 0:00:06]} 9. O-O-O {[%emt 0:07:18]} d5 {[%emt 0:00:48]} 10. Nxc6 {[%emt 0:11:56]} bxc6 {[%emt 0:01:11]} 11. exd5 {[%emt 0:00:11]} Nxd5 {[%emt 0:00:43]} 12. Nxd5 {[%emt 0:02:44]} cxd5 {[%emt 0:00:07]} 13. Qxd5 {[%emt 0:00:28]} Qc7 {[%emt 0:00:07]} 14. Qc5 {[%emt 0:22:29]} Qb7 {[%emt 0:00:08]} 15. Qa3 {[%emt 0:09:08]} Bf5 {[%emt 0:43:35]} 16. Kb1 {[%emt 0:31:29]} Rab8 {[%emt 0:12:57]} 17. Bc1 {[%emt 0:00:11]} Rfc8 {[%emt 0:03:47]} 18. Bd3 {[%emt 0:02:36]} Rc3 {[%emt 0:05:23]} 19. Qa5 {[%emt 0:01:18]} Bxd3 {[%emt 0:01:31]} 20. Rxd3 {[%emt 0:00:45]} Rxd3 {[%emt 0:00:07]} 21. cxd3 {[%emt 0:00:28]} Bxb2 {[%emt 0:00:12]} 22. Kc2 {[%emt 0:00:33]} Rc8+ {[%emt 0:00:29]} 23. Kd2 {[%emt 0:00:24]} Bxc1+ {[%emt 0:00:38]} 24. Rxc1 {[%emt 0:00:37]} Qb2+ {[%emt 0:00:10]} 0-1

[Event "V Copa Marcel Duchamp 2022"]
[Site "Montevideo"]
[Date "2022.02.15"]
[Round "5.21"]
[White "Pichuaga, Juan Pablo"]
[Black "Manteiga, Franco"]
[Result "1/2-1/2"]
[WhiteElo "2030"]
[BlackElo "1915"]
[Annotator "ChessBase"]
[PlyCount "28"]
[EventDate "2022.02.12"]
[EventCountry "URU"]
[SourceTitle "playchess.com"]
[Source "ChessBase"]
[SourceQuality "1"]
[TimeControl "5400+30"]

1. e4 c5 2. Nc3 Nc6 3. Bb5 Nd4 4. Bc4 e6 5. d3 a6 6. a4 Nf6 7. e5 d5 8. exd6 Bxd6 9. Nf3 b6 10. Nxd4 cxd4 11. Ne4 Nxe4 12. dxe4 Bb7 13. Bd3 Qc7 14. h3 Bc6 1/2-1/2

[Event "V Copa Marcel Duchamp 2022"]
[Site "Montevideo"]
[Date "2022.02.15"]
[Round "5.22"]
[White "Popov, Mark"]
[Black "Siddeley, Hugh"]
[Result "1/2-1/2"]
[WhiteElo "1758"]
[BlackElo "2000"]
[Annotator "ChessBase"]
[PlyCount "43"]
[EventDate "2022.02.12"]
[EventCountry "URU"]
[SourceTitle "playchess.com"]
[Source "ChessBase"]
[SourceQuality "1"]
[TimeControl "5400+30"]

1. b3 Nf6 {[%emt 0:03:58]} 2. Bb2 {[%emt 0:06:07]} g6 {[%emt 0:00:21]} 3. Nf3 {[%emt 0:00:25]} Bg7 {[%emt 0:00:07]} 4. e4 {[%emt 0:01:29]} d6 {[%emt 0:00:52]} 5. d3 {[%emt 0:10:45]} O-O {[%emt 0:04:54]} 6. Nc3 {[%emt 0:00:35]} c5 {[%emt 0:04:58]} 7. Be2 {[%emt 0:03:08]} Nc6 {[%emt 0:04:51]} 8. h3 {[%emt 0:03:45]} a6 {[%emt 0:01:21]} 9. Qd2 {[%emt 0:02:50]} b5 {[%emt 0:00:50]} 10. Nd5 {[%emt 0:02:10]} Nxe4 {[%emt 0:03:27]} 11. Qc1 {[%emt 0:06:52]} Qa5+ {[%emt 0:03:48]} 12. b4 {[%emt 0:03:26]} Nxb4 {[%emt 0:01:09]} 13. Nxe7+ {[%emt 0:03:50]} Kh8 {[%emt 0:00:01]} 14. Bxg7+ {[%emt 0:00:39]} Kxg7 {[%emt 0:00:02]} 15. c3 {[%emt 0:04:09]} Nxd3+ {[%emt 0:11:19]} 16. Bxd3 {[%emt 0:00:12]} Bb7 {[%emt 0:00:48]} 17. Nf5+ {[%emt 0:05:49]} gxf5 {[%emt 0:14:11]} 18. Bxe4 {[%emt 0:00:31]} Bxe4 {[%emt 0:00:37]} 19. Qg5+ {[%emt 0:00:59]} Kh8 {[%emt 0:00:07]} 20. Qf6+ {[%emt 0:01:10]} Kg8 {[%emt 0:00:01]} 21. Qg5+ {[%emt 0:01:25]} Kh8 {[%emt 0:00:01]} 22. Qf6+ 1/2-1/2

[Event "V Copa Marcel Duchamp 2022"]
[Site "Montevideo"]
[Date "2022.02.15"]
[Round "5.23"]
[White "Meza, Anahi"]
[Black "Lavandeira, Juan Facundo"]
[Result "1-0"]
[WhiteElo "1996"]
[BlackElo "1520"]
[Annotator "NA"]
[PlyCount "65"]
[EventDate "2022.02.12"]
[EventCountry "URU"]
[SourceTitle "playchess.com"]
[Source "ChessBase"]
[SourceQuality "1"]
[TimeControl "5400+30"]

1. d4 {[%emt 0:00:03]} d6 {[%emt 0:00:38]} 2. Nf3 {[%emt 0:01:09]} Nf6 {[%emt 0:00:09]} 3. c4 {[%emt 0:00:05]} Nbd7 {[%emt 0:00:43]} 4. g3 {[%emt 0:03:30]} g6 {[%emt 0:00:46]} 5. Bg2 {[%emt 0:00:05]} Bg7 6. O-O O-O {[%emt 0:00:39]} 7. Nc3 {[%emt 0:00:31]} e5 {[%emt 0:01:52]} 8. e4 {[%emt 0:00:26]} a5 {[%emt 0:04:29]} 9. h3 {[%emt 0:03:00]} c6 {[%emt 0:01:00]} 10. Be3 {[%emt 0:01:29]} h6 {[%emt 0:01:23]} 11. Qd2 {[%emt 0:05:53]} Kh7 {[%emt 0:00:08]} 12. Rad1 {[%emt 0:01:11]} Qe7 {[%emt 0:16:39]} 13. Qc2 {[%emt 0:04:34]} Ne8 {[%emt 0:08:30]} 14. dxe5 {[%emt 0:04:37]} dxe5 {[%emt 0:01:14]} 15. Na4 {[%emt 0:01:07]} Nc7 {[%emt 0:06:36]} 16. Rd2 {[%emt 0:18:08]} Na6 {[%emt 0:03:07]} 17. c5 {[%emt 0:05:21]} Nb4 {[%emt 0:06:05]} 18. Qb1 {[%emt 0:00:27]} Na6 {[%emt 0:07:51]} 19. Rc1 {[%emt 0:01:33]} Rd8 {[%emt 0:00:19]} 20. Bf1 {[%emt 0:06:16]} Nc7 {[%emt 0:02:17]} 21. Rcd1 {[%emt 0:01:08]} Ne6 {[%emt 0:06:48]} 22. Qc2 {[%emt 0:01:45]} Ndf8 {[%emt 0:08:56]} 23. Rxd8 Nxd8 {[%emt 0:00:02]} 24. Nb6 {[%emt 0:08:47]} Rb8 {[%emt 0:00:06]} 25. Qa4 {[%emt 0:02:37]} Nde6 {[%emt 0:09:02]} 26. Qxa5 {[%emt 0:00:36]} Qc7 {[%emt 0:00:20]} 27. Qa7 {[%emt 0:04:50]} f5 {[%emt 0:00:35]} 28. exf5 {[%emt 0:01:16]} gxf5 {[%emt 0:00:02]} 29. Na8 {[%emt 0:04:12]} Rxa8 {[%emt 0:00:33]} 30. Qxa8 {[%emt 0:00:01]} f4 {[%emt 0:00:16]} 31. gxf4 {[%emt 0:00:20]} exf4 {[%emt 0:00:02]} 32. Bd2 {[%emt 0:01:11]} Bxb2 {[%emt 0:00:22]} 33. Qa4 {[%emt 0:02:01]} 1-0

[Event "V Copa Marcel Duchamp 2022"]
[Site "Montevideo"]
[Date "2022.02.15"]
[Round "5.25"]
[White "Torales, Agustin"]
[Black "Castro, Cesar"]
[Result "1/2-1/2"]
[WhiteElo "1682"]
[BlackElo "2097"]
[Annotator "ChessBase"]
[PlyCount "41"]
[EventDate "2022.02.12"]
[EventCountry "URU"]
[SourceTitle "playchess.com"]
[Source "ChessBase"]
[SourceQuality "1"]
[TimeControl "5400+30"]

1. e4 {[%emt 0:00:18]} c5 {[%emt 0:00:09]} 2. Nf3 {[%emt 0:00:12]} d6 {[%emt 0:00:08]} 3. d4 {[%emt 0:00:04]} cxd4 4. Nxd4 {[%emt 0:00:04]} Nf6 {[%emt 0:00:21]} 5. Nc3 {[%emt 0:00:06]} a6 {[%emt 0:00:10]} 6. Bc4 {[%emt 0:00:09]} e6 {[%emt 0:00:18]} 7. Bb3 {[%emt 0:00:19]} Nbd7 {[%emt 0:00:12]} 8. O-O {[%emt 0:00:48]} Nc5 {[%emt 0:00:09]} 9. Qe2 {[%emt 0:01:43]} Be7 10. f4 {[%emt 0:01:26]} b5 {[%emt 0:01:46]} 11. Nc6 {[%emt 0:04:44]} Qb6 {[%emt 0:00:30]} 12. Nxe7 {[%emt 0:00:10]} Nxb3+ {[%emt 0:02:57]} 13. Be3 {[%emt 0:00:04]} Nd4 {[%emt 0:05:02]} 14. Qf2 {[%emt 0:00:10]} Kxe7 {[%emt 0:02:12]} 15. Bxd4 {[%emt 0:00:09]} Qc6 {[%emt 0:03:19]} 16. e5 {[%emt 0:00:11]} Ne8 {[%emt 0:01:02]} 17. f5 {[%emt 0:16:54]} dxe5 {[%emt 0:10:45]} 18. Bc5+ {[%emt 0:02:15]} Kd8 {[%emt 0:02:26]} 19. Bb6+ {[%emt 0:05:12]} Ke7 {[%emt 0:00:39]} 20. Bc5+ {[%emt 0:04:26]} Kd8 {[%emt 0:00:23]} 21. Bb6+ {[%emt 0:00:08]} 1/2-1/2

[Event "V Copa Marcel Duchamp 2022"]
[Site "Montevideo"]
[Date "2022.02.15"]
[Round "5.26"]
[White "Martinez Tagliafico, Sergio"]
[Black "Mateus, Martha"]
[Result "0-1"]
[WhiteElo "1780"]
[BlackElo "2019"]
[Annotator "NA"]
[PlyCount "52"]
[EventDate "2022.02.12"]
[EventCountry "URU"]
[SourceTitle "playchess.com"]
[Source "ChessBase"]
[SourceQuality "1"]
[TimeControl "5400+30"]

1. d4 {[%emt 0:02:11]} d5 {[%emt 0:00:17]} 2. c4 {[%emt 0:00:16]} e6 {[%emt 0:00:04]} 3. Nc3 {[%emt 0:00:15]} c5 {[%emt 0:00:08]} 4. cxd5 exd5 {[%emt 0:00:06]} 5. Nf3 {[%emt 0:01:25]} Nc6 {[%emt 0:00:05]} 6. g3 {[%emt 0:00:10]} Nf6 {[%emt 0:00:07]} 7. Bg2 {[%emt 0:00:14]} Be7 {[%emt 0:00:12]} 8. O-O {[%emt 0:00:21]} O-O 9. dxc5 Bxc5 {[%emt 0:00:52]} 10. Na4 {[%emt 0:02:57]} Be7 {[%emt 0:04:41]} 11. Be3 {[%emt 0:01:04]} Ne4 {[%emt 0:03:58]} 12. Rc1 {[%emt 0:01:06]} Bf6 {[%emt 0:04:30]} 13. a3 {[%emt 0:21:42]} Re8 {[%emt 0:02:49]} 14. h3 {[%emt 0:11:33]} Nxg3 {[%emt 0:03:16]} 15. fxg3 {[%emt 0:03:21]} Rxe3 {[%emt 0:00:09]} 16. Nc3 {[%emt 0:03:18]} d4 {[%emt 0:06:10]} 17. Na4 {[%emt 0:01:54]} Qd6 {[%emt 0:16:14]} 18. g4 {[%emt 0:12:47]} h6 {[%emt 0:07:58]} 19. Nc5 {[%emt 0:01:50]} Qe7 {[%emt 0:16:32]} 20. Rf2 {[%emt 0:10:03]} Be6 {[%emt 0:06:25]} 21. Qa4 {[%emt 0:06:54]} Bd5 {[%emt 0:03:12]} 22. Qb5 {[%emt 0:06:08]} Bxf3 {[%emt 0:04:41]} 23. Bxf3 {[%emt 0:01:51]} Bh4 {[%emt 0:07:37]} 24. Nd3 {[%emt 0:07:50]} Bxf2+ {[%emt 0:01:03]} 25. Kxf2 {[%emt 0:00:22]} Re8 {[%emt 0:01:50]} 26. Nf4 {[%emt 0:01:23]} Rxf3+ {[%emt 0:00:19]} 0-1

[Event "V Copa Marcel Duchamp 2022"]
[Site "Montevideo"]
[Date "2022.02.15"]
[Round "5.33"]
[White "Durante, Aurelio"]
[Black "Amaral, Francisco"]
[Result "1/2-1/2"]
[WhiteElo "1944"]
[BlackElo "1672"]
[Annotator "NA"]
[PlyCount "86"]
[EventDate "2022.02.12"]
[EventCountry "URU"]
[SourceTitle "playchess.com"]
[Source "ChessBase"]
[SourceQuality "1"]
[TimeControl "5400+30"]

1. e4 {[%emt 0:00:32]} e5 {[%emt 0:00:49]} 2. Nf3 {[%emt 0:00:26]} Nf6 {[%emt 0:00:42]} 3. Nxe5 {[%emt 0:01:33]} d6 {[%emt 0:00:10]} 4. Nf3 {[%emt 0:00:41]} Nxe4 {[%emt 0:00:08]} 5. Nc3 {[%emt 0:00:09]} Nxc3 {[%emt 0:01:01]} 6. dxc3 {[%emt 0:00:03]} Be7 {[%emt 0:00:12]} 7. Bd3 {[%emt 0:00:47]} Nd7 {[%emt 0:05:33]} 8. Bf4 {[%emt 0:01:58]} Nf6 {[%emt 0:00:42]} 9. Qd2 {[%emt 0:01:13]} Bg4 {[%emt 0:02:31]} 10. O-O-O {[%emt 0:02:17]} Qd7 {[%emt 0:08:02]} 11. Kb1 {[%emt 0:01:04]} O-O {[%emt 0:03:10]} 12. Rde1 {[%emt 0:00:36]} Rfe8 {[%emt 0:00:55]} 13. Nd4 {[%emt 0:00:58]} a6 {[%emt 0:05:11]} 14. f3 {[%emt 0:00:46]} c5 {[%emt 0:01:37]} 15. Ne2 {[%emt 0:02:23]} Bf5 {[%emt 0:01:40]} 16. Bxf5 {[%emt 0:01:46]} Qxf5 {[%emt 0:00:05]} 17. g4 {[%emt 0:00:18]} Qd7 {[%emt 0:00:29]} 18. Ng3 {[%emt 0:00:46]} Bf8 {[%emt 0:03:06]} 19. h4 {[%emt 0:02:17]} Rxe1+ {[%emt 0:02:55]} 20. Rxe1 {[%emt 0:00:14]} d5 {[%emt 0:01:48]} 21. Bg5 {[%emt 0:09:05]} Ne8 {[%emt 0:00:42]} 22. Nf5 {[%emt 0:01:19]} f6 {[%emt 0:03:00]} 23. Bf4 {[%emt 0:02:52]} Rd8 {[%emt 0:00:44]} 24. Qe2 {[%emt 0:08:10]} Nc7 {[%emt 0:04:51]} 25. Ne7+ {[%emt 0:10:17]} Kf7 {[%emt 0:16:04]} 26. Bxc7 {[%emt 0:14:56]} Re8 {[%emt 0:00:09]} 27. Qd3 {[%emt 0:09:23]} Rxe7 {[%emt 0:01:34]} 28. Rxe7+ {[%emt 0:01:21]} Bxe7 {[%emt 0:00:11]} 29. Bf4 {[%emt 0:00:21]} g6 {[%emt 0:01:20]} 30. c4 {[%emt 0:01:36]} d4 {[%emt 0:02:11]} 31. h5 {[%emt 0:01:04]} f5 {[%emt 0:03:30]} 32. b3 {[%emt 0:05:39]} Bg5 {[%emt 0:08:19]} 33. Be5 {[%emt 0:02:29]} Bf6 {[%emt 0:03:09]} 34. Bg3 {[%emt 0:02:22]} fxg4 {[%emt 0:10:21]} 35. Qxg6+ {[%emt 0:00:10]} Ke7 {[%emt 0:00:13]} 36. Qe4+ {[%emt 0:02:11]} Kf7 {[%emt 0:00:45]} 37. fxg4 {[%emt 0:00:08]} Qe7 {[%emt 0:00:36]} 38. Qd5+ {[%emt 0:01:41]} Ke8 {[%emt 0:00:32]} 39. Qg8+ {[%emt 0:01:45]} Kd7 {[%emt 0:01:30]} 40. Qd5+ {[%emt 0:00:50]} Ke8 {[%emt 0:01:06]} 41. Qg8+ {[%emt 0:06:23]} Kd7 {[%emt 0:00:21]} 42. Qb8 Ke6 43. Qc8+ {[%emt 0:03:41]} Kf7 1/2-1/2

[Event "V Copa Marcel Duchamp 2022"]
[Site "Montevideo"]
[Date "2022.02.15"]
[Round "5.34"]
[White "Rodriguez Farias, Eduardo"]
[Black "Areeb, Jazy"]
[Result "1-0"]
[WhiteElo "1931"]
[BlackElo "1665"]
[Annotator "NA"]
[PlyCount "57"]
[EventDate "2022.02.12"]
[EventCountry "URU"]
[SourceTitle "playchess.com"]
[Source "ChessBase"]
[SourceQuality "1"]
[TimeControl "5400+30"]

1. e4 {[%emt 0:00:05]} c5 {[%emt 0:00:09]} 2. Nf3 {[%emt 0:00:03]} d6 {[%emt 0:00:09]} 3. d4 {[%emt 0:00:17]} cxd4 {[%emt 0:00:12]} 4. Nxd4 {[%emt 0:00:09]} Nf6 {[%emt 0:00:19]} 5. Nc3 {[%emt 0:00:07]} a6 {[%emt 0:00:14]} 6. f4 {[%emt 0:02:00]} e5 {[%emt 0:07:12]} 7. Nf3 {[%emt 0:01:03]} Qc7 {[%emt 0:02:32]} 8. f5 {[%emt 0:05:29]} b5 {[%emt 0:01:55]} 9. Bg5 {[%emt 0:02:22]} Nbd7 {[%emt 0:00:24]} 10. Bd3 {[%emt 0:03:11]} Be7 {[%emt 0:01:30]} 11. Qe2 {[%emt 0:00:57]} Bb7 {[%emt 0:01:17]} 12. g4 {[%emt 0:01:41]} Nxg4 {[%emt 0:05:38]} 13. Bxe7 {[%emt 0:00:26]} Kxe7 {[%emt 0:00:15]} 14. Rg1 {[%emt 0:01:24]} Ndf6 {[%emt 0:01:43]} 15. h3 {[%emt 0:03:03]} Nh6 {[%emt 0:00:24]} 16. Rxg7 {[%emt 0:01:41]} Nh5 {[%emt 0:01:10]} 17. Qg2 {[%emt 0:05:58]} Kf8 {[%emt 0:05:34]} 18. f6 {[%emt 0:19:57]} Nxf6 {[%emt 0:13:30]} 19. O-O-O {[%emt 0:08:37]} Rg8 {[%emt 0:23:51]} 20. Rxg8+ {[%emt 0:03:41]} Nfxg8 {[%emt 0:02:08]} 21. Rg1 {[%emt 0:00:30]} f6 {[%emt 0:00:44]} 22. Nd5 {[%emt 0:09:19]} Bxd5 {[%emt 0:02:19]} 23. exd5 {[%emt 0:00:01]} Qf7 {[%emt 0:02:03]} 24. Be4 {[%emt 0:12:16]} Ke7 {[%emt 0:07:55]} 25. Qd2 {[%emt 0:03:13]} a5 {[%emt 0:06:09]} 26. Qe3 {[%emt 0:02:42]} f5 {[%emt 0:03:33]} 27. Ng5 {[%emt 0:00:17]} f4 {[%emt 0:02:26]} 28. Qb6 {[%emt 0:00:31]} Qf8 {[%emt 0:00:15]} 29. Qb7+ {[%emt 0:00:45]} 1-0

[Event "V Copa Marcel Duchamp 2022"]
[Site "Montevideo"]
[Date "2022.02.15"]
[Round "5.35"]
[White "Estoyanoff, German"]
[Black "Moccero, Eduardo"]
[Result "0-1"]
[WhiteElo "1650"]
[BlackElo "1919"]
[Annotator "NA"]
[PlyCount "84"]
[EventDate "2022.02.12"]
[EventCountry "URU"]
[SourceTitle "playchess.com"]
[Source "ChessBase"]
[SourceQuality "1"]
[TimeControl "5400+30"]

1. e4 Nc6 2. Nf3 g6 3. c3 d6 4. d4 Bg7 5. Bb5 {[%emt 0:19:14]} Bd7 {[%emt 0:02:45]} 6. Qb3 Nf6 {[%emt 0:04:46]} 7. Ng5 {[%emt 0:13:17]} O-O {[%emt 0:03:55]} 8. Bc4 {[%emt 0:10:02]} e6 {[%emt 0:07:00]} 9. Bd3 {[%emt 0:00:30]} Na5 {[%emt 0:00:30]} 10. Qb4 {[%emt 0:27:00]} b6 {[%emt 0:00:17]} 11. O-O {[%emt 0:00:30]} c5 {[%emt 0:07:58]} 12. Qa3 {[%emt 0:07:03]} Bc6 {[%emt 0:00:30]} 13. Re1 {[%emt 0:00:30]} Bb7 {[%emt 0:04:29]} 14. Nf3 {[%emt 0:01:42]} Qd7 {[%emt 0:00:30]} 15. e5 {[%emt 0:00:30]} Bxf3 {[%emt 0:01:36]} 16. exf6 {[%emt 0:01:18]} Bxf6 {[%emt 0:00:30]} 17. gxf3 {[%emt 0:00:30]} cxd4 {[%emt 0:00:28]} 18. cxd4 {[%emt 0:03:37]} Bxd4 {[%emt 0:00:30]} 19. Bd2 {[%emt 0:03:26]} Qe7 {[%emt 0:04:41]} 20. Re4 {[%emt 0:01:31]} Bg7 {[%emt 0:02:12]} 21. Nc3 {[%emt 0:02:46]} Rfd8 {[%emt 0:01:23]} 22. Nb5 {[%emt 0:00:52]} Qd7 {[%emt 0:02:13]} 23. Rh4 {[%emt 0:02:00]} d5 {[%emt 0:01:46]} 24. Bc3 {[%emt 0:02:38]} Bf8 {[%emt 0:02:45]} 25. Qa4 {[%emt 0:00:30]} Be7 {[%emt 0:00:30]} 26. Qd4 {[%emt 0:00:30]} f6 {[%emt 0:00:30]} 27. Qf4 {[%emt 0:00:30]} e5 {[%emt 0:03:30]} 28. Qg3 {[%emt 0:03:04]} Bf8 {[%emt 0:01:21]} 29. Bd2 {[%emt 0:00:50]} e4 {[%emt 0:04:01]} 30. Be2 {[%emt 0:00:38]} Nc4 {[%emt 0:01:04]} 31. Bxc4 {[%emt 0:00:30]} dxc4 {[%emt 0:00:12]} 32. Bc3 {[%emt 0:00:00]} Qxb5 {[%emt 0:00:55]} 33. Bxf6 {[%emt 0:00:28]} Rd3 {[%emt 0:02:29]} 34. Qc7 {[%emt 0:00:22]} Rd7 {[%emt 0:00:30]} 35. Qe5 {[%emt 0:00:13]} Qxe5 {[%emt 0:00:52]} 36. Bxe5 {[%emt 0:00:30]} exf3 {[%emt 0:00:26]} 37. Rxc4 {[%emt 0:00:20]} Rad8 {[%emt 0:01:51]} 38. Re1 {[%emt 0:00:40]} Bc5 {[%emt 0:00:48]} 39. Rf4 {[%emt 0:00:36]} Rd1 40. Kf1 {[%emt 0:00:32]} Rxe1+ {[%emt 0:03:56]} 41. Kxe1 {[%emt 0:00:12]} Re8 {[%emt 0:00:00]} 42. Re4 Bd6 0-1